000 00374nam a2200157Ia 4500
008 230524s9999 xx 000 0 und d
082 _a537
_bJAM
100 _aK.S.Jamwal
_925285
245 0 _aDigital Electronics
250 _a1ST
260 _aNEW DELHI
_bDhanpat Rai
_c2005
300 _aIX;311
500 _aQuantity Number: 1
650 _aElectronics
942 _cBK
999 _c37302
_d37302